99 Reptiles - Statistics

General Stats
  • This quiz has been taken 772 times
    762 since last reset
  • The average score is 18 of 99
Answer Stats
Answer % Correct
crocodile
75%
alligator
72%
lizard
71%
cobra
70%
snake
69%
turtle
66%
python
63%
Tyrannosaurus Rex
63%
gecko
62%
anaconda
60%
tortoise
60%
komodo dragon
57%
rattlesnake
56%
iguana
55%
dragon
47%
Triceratops
44%
viper
43%
boa constrictor
41%
chameleon
39%
Stegosaurus
39%
monitor
37%
skink
36%
mamba
34%
sea turtle
26%
adder
24%
sea snake
24%
Brontosaurus
22%
Brachiosaurus
21%
coral snake
21%
Dino
21%
basilisk
20%
corn snake
20%
asp
19%
garter snake
19%
Spinosaurus
19%
taipan
18%
Allosaurus
17%
copperhead
17%
kingsnake
17%
anole
16%
Ankylosaurus
15%
cottonmouth
14%
terrapin
14%
tuatara
14%
Diplodocus
13%
hydra
13%
Godzilla
9%
Iguanodon
9%
water snake
9%
sidewinder
8%
boomslang
7%
Parasaurolophus
7%
bushmaster
6%
gavial
6%
krait
6%
Smaug
6%
Velociraptors
5%
Bowser
4%
Carnotaurus
4%
Echidna
4%
Gallimimus
4%
Giganotosaurus
4%
hognose snake
4%
Littlefoot
4%
racer
4%
Typhon
4%
Leonardo
3%
Megalosaurus
2%
Michaelangelo
2%
moccasin
2%
Naga
2%
Plateosaurus
2%
Protoceratops
2%
Raphael
2%
Rex
2%
Wally Gator
2%
Barney
1%
chuckwalla
1%
Donatello
1%
Gamera
1%
Pentaceratops
1%
Reptile
1%
Sauron
1%
Seismosaurus
1%
Supersaurus
1%
Titanosaurus
1%
Torosaurus
1%
Diceratops
0%
Dracopelta
0%
Dromaeosaurus
0%
Gorns
0%
habu
0%
keelback
0%
Nuwa
0%
Renekton
0%
Reptyl
0%
Sobek
0%
Tanius
0%
Thulsa Doom
0%
No matching quizzes found
Score Distribution
Percent of People with Each Score
Percentile by Number Answered
Your Score History
You have not taken this quiz since the last reset